000 00476cam a22001337a 4500
008 180718b1978 xxu||||| |||| 00| 0 eng d
082 _aY15x54 In21
100 _aKabra, Kamal Nayan
245 _aLand reforms and industrialisation: Some institutional linkages and their implications
_cby Kamal Nayan Kabra
260 _aNew Delhi
_bIndian Institute of Public Administration
_c1978
300 _a50p.
650 _aIndustrial Development - India
650 _aLand Tenure - India
999 _c475782
_d475782